000 00305nam a2200121Ia 4500
005 20251222175920.0
008 251222s9999||||xx |||||||||||||| ||spa||
020 _a8425306108
082 _a330/B74
100 _aBorisov, Evgeniĭ Filippovich
245 0 _aDiccionario de Economía Política
942 _cLIB
999 _c40655
_d40655